[Event "Grand Swiss "]
[Date "2025.09.15"]
[White "Samunenkov, Ihor"]
[Black "Puranik, Abhimanyu"]
[WhiteElo "2550"]
[BlackElo "2640"]
[Round "11.11.32"]
[Result "1-0"]

1. e4 {[%clk 01:40:56] [%emt 00:00:03]} e5 {[%clk 01:40:55] [%emt 00:00:05]} 2.
Nf3 {[%clk 01:41:19] [%emt 00:00:07]} Nc6 {[%clk 01:41:22] [%emt 00:00:03]} 3.
Nc3 {[%clk 01:41:33] [%emt 00:00:17]} Nf6 {[%clk 01:41:09] [%emt 00:00:42]} 4.
d4 {[%clk 01:41:51] [%emt 00:00:13]} exd4 {[%clk 01:41:22] [%emt 00:00:17]} 5.
Nxd4 {[%clk 01:42:14] [%emt 00:00:07]} Bb4 {[%clk 01:41:19] [%emt 00:00:32]} 6.
Nxc6 {[%clk 01:42:33] [%emt 00:00:11]} bxc6 {[%clk 01:41:46] [%emt 00:00:03]} 7.
Bd3 {[%clk 01:42:54] [%emt 00:00:10]} O-O {[%clk 01:41:09] [%emt 00:01:07]} 8.
O-O {[%clk 01:43:12] [%emt 00:00:12]} Re8 {[%clk 01:40:57] [%emt 00:00:41]} 9.
Bg5 {[%clk 01:43:26] [%emt 00:00:15]} h6 {[%clk 01:40:48] [%emt 00:00:40]} 10.
Bh4 {[%clk 01:43:50] [%emt 00:00:06]} d5 {[%clk 01:41:07] [%emt 00:00:11]} 11.
exd5 {[%clk 01:43:49] [%emt 00:00:31]} g5 {[%clk 01:41:35] [%emt 00:00:03]} 12.
Bg3 {[%clk 01:44:03] [%emt 00:00:17]} cxd5 {[%clk 01:41:58] [%emt 00:00:06]} 13.
Nb5 {[%clk 01:43:47] [%emt 00:00:46]} Ba5 {[%clk 01:42:09] [%emt 00:00:19]} 14.
c4 {[%clk 01:43:45] [%emt 00:00:33]} a6 {[%clk 01:42:12] [%emt 00:00:27]} 15.
Nc3 {[%clk 01:43:59] [%emt 00:00:16]} d4 {[%clk 01:18:32] [%emt 00:24:10]} 16.
Na4 {[%clk 01:38:09] [%emt 00:06:19]} Bg4 {[%clk 01:17:30] [%emt 00:01:32]} 17.
Qc2 {[%clk 01:26:05] [%emt 00:12:34]} c6 {[%clk 01:10:51] [%emt 00:07:09]} 18.
a3 {[%clk 01:12:22] [%emt 00:14:13]} Nh5 {[%clk 01:07:10] [%emt 00:04:11]} 19.
h3 {[%clk 01:04:04] [%emt 00:08:48]} Bc8 {[%clk 00:57:41] [%emt 00:09:59]} 20.
b4 {[%clk 00:53:00] [%emt 00:11:35]} Bc7 {[%clk 00:57:43] [%emt 00:00:28]} 21.
Bxc7 {[%clk 00:52:52] [%emt 00:00:38]} Qxc7 {[%clk 00:58:08] [%emt 00:00:05]}
22. Rfe1 {[%clk 00:53:08] [%emt 00:00:14]} Rd8 {[%clk 00:43:26] [%emt 00:15:11]}
23. c5 {[%clk 00:47:06] [%emt 00:06:32]} Ra7 {[%clk 00:39:23] [%emt 00:04:33]}
24. Nb6 {[%clk 00:45:29] [%emt 00:02:07]} Nf4 {[%clk 00:31:47] [%emt 00:08:07]}
25. Rad1 {[%clk 00:36:45] [%emt 00:09:13]} a5 {[%clk 00:26:55] [%emt 00:05:23]}
26. Nxc8 {[%clk 00:29:23] [%emt 00:07:51]} Qxc8 {[%clk 00:27:20] [%emt
00:00:05]} 27. Bf5 {[%clk 00:29:37] [%emt 00:00:16]} Qb8 {[%clk 00:27:15] [%emt
00:00:34]} 28. Qb2 {[%clk 00:28:10] [%emt 00:01:58]} axb4 {[%clk 00:26:27] [%emt
00:01:18]} 29. axb4 {[%clk 00:27:34] [%emt 00:01:06]} Rb7 {[%clk 00:21:53] [%emt
00:05:04]} 30. Rxd4 {[%clk 00:27:05] [%emt 00:00:59]} Rxd4 {[%clk 00:22:05]
[%emt 00:00:19]} 31. Qxd4 {[%clk 00:27:28] [%emt 00:00:07]} Nd5 {[%clk 00:22:32]
[%emt 00:00:02]} 32. Bc2 {[%clk 00:17:19] [%emt 00:10:40]} Rxb4 {[%clk 00:18:24]
[%emt 00:04:38]} 33. Qd3 {[%clk 00:16:23] [%emt 00:01:25]} Nf6 {[%clk 00:18:49]
[%emt 00:00:05]} 34. Re6 {[%clk 00:15:04] [%emt 00:01:50]} Kg7 {[%clk 00:17:01]
[%emt 00:02:18]} 35. g3 {[%clk 00:14:14] [%emt 00:01:19]} Qb7 {[%clk 00:07:51]
[%emt 00:09:41]} 36. Rd6 {[%clk 00:12:51] [%emt 00:01:53]} Ne4 {[%clk 00:03:51]
[%emt 00:04:30]} 37. Rd7 {[%clk 00:12:22] [%emt 00:00:59]} Qa8 {[%clk 00:01:11]
[%emt 00:03:08]} 38. Bb3 {[%clk 00:10:38] [%emt 00:02:16]} Qa1+ {[%clk 00:01:06]
[%emt 00:00:35]} 39. Kg2 {[%clk 00:10:41] [%emt 00:00:26]} Rxb3 {[%clk 00:01:03]
[%emt 00:00:34]} 40. Qxb3 {[%clk 00:10:57] [%emt 00:00:14]} Qf6 {[%clk 00:01:28]
[%emt 00:00:04]} 41. Qe3 {[%clk 00:08:46] [%emt 00:02:41]} Qf5 {[%clk 00:00:37]
[%emt 00:01:22]} 42. Qd4+ {[%clk 00:07:43] [%emt 00:01:32]} Kh7 {[%clk 00:49:27]
[%emt 00:01:41]} 43. Re7 {[%clk 00:55:50] [%emt 00:02:22]} 1-0

[Site "Europe Echecs"]

[Event "Grand Swiss "]
[Date "2025.09.15"]
[White "Xiong, Jeffery"]
[Black "Goryachkina, Aleksandra"]
[WhiteElo "2640"]
[BlackElo "2528"]
[Round "11.11.33"]
[Result "1-0"]

1. e4 {[%clk 01:40:54] [%emt 00:00:04]} e5 {[%clk 01:40:48] [%emt 00:00:13]} 2.
Nf3 {[%clk 01:41:08] [%emt 00:00:15]} Nc6 {[%clk 01:41:10] [%emt 00:00:09]} 3.
Bb5 {[%clk 01:41:10] [%emt 00:00:27]} a6 {[%clk 01:41:09] [%emt 00:00:33]} 4.
Ba4 {[%clk 01:41:25] [%emt 00:00:14]} Nf6 {[%clk 01:41:19] [%emt 00:00:20]} 5.
O-O {[%clk 01:39:35] [%emt 00:02:19]} Be7 {[%clk 01:41:13] [%emt 00:00:37]} 6.
d3 {[%clk 01:35:35] [%emt 00:04:29]} b5 {[%clk 01:40:56] [%emt 00:00:48]} 7. Bb3
{[%clk 01:36:02] [%emt 00:00:03]} d6 {[%clk 01:40:59] [%emt 00:00:28]} 8. a4
{[%clk 01:34:30] [%emt 00:02:01]} Bd7 {[%clk 01:40:12] [%emt 00:01:18]} 9. Nc3
{[%clk 01:27:45] [%emt 00:07:13]} Na5 {[%clk 01:35:03] [%emt 00:05:40]} 10. Ba2
{[%clk 01:28:04] [%emt 00:00:12]} b4 {[%clk 01:33:59] [%emt 00:01:34]} 11. Nd5
{[%clk 01:24:27] [%emt 00:04:05]} Nxd5 {[%clk 01:30:09] [%emt 00:04:22]} 12.
Bxd5 {[%clk 01:24:10] [%emt 00:00:47]} c6 {[%clk 01:29:56] [%emt 00:00:43]} 13.
Ba2 {[%clk 01:24:26] [%emt 00:00:14]} Rb8 {[%clk 01:21:00] [%emt 00:09:26]} 14.
d4 {[%clk 01:18:58] [%emt 00:05:57]} Bf6 {[%clk 01:12:54] [%emt 00:08:37]} 15.
dxe5 {[%clk 01:12:33] [%emt 00:06:55]} dxe5 {[%clk 01:12:28] [%emt 00:00:55]}
16. Qd3 {[%clk 00:56:36] [%emt 00:16:27]} O-O {[%clk 00:58:04] [%emt 00:14:55]}
17. Be3 {[%clk 00:55:52] [%emt 00:01:14]} Bg4 {[%clk 00:47:00] [%emt 00:11:33]}
18. Qxa6 {[%clk 00:55:48] [%emt 00:00:33]} Bxf3 {[%clk 00:45:01] [%emt
00:02:30]} 19. gxf3 {[%clk 00:56:15] [%emt 00:00:03]} b3 {[%clk 00:38:19] [%emt
00:07:13]} 20. cxb3 {[%clk 00:51:58] [%emt 00:04:47]} Be7 {[%clk 00:36:39] [%emt
00:02:10]} 21. Rfd1 {[%clk 00:47:29] [%emt 00:04:58]} Qc7 {[%clk 00:35:14] [%emt
00:01:55]} 22. b4 {[%clk 00:36:09] [%emt 00:11:51]} Bxb4 {[%clk 00:34:58] [%emt
00:00:46]} 23. Qf1 {[%clk 00:36:24] [%emt 00:00:14]} Nb7 {[%clk 00:24:49] [%emt
00:10:40]} 24. Qh3 {[%clk 00:35:20] [%emt 00:01:33]} Rfd8 {[%clk 00:23:06] [%emt
00:02:13]} 25. Rac1 {[%clk 00:28:33] [%emt 00:07:17]} Qe7 {[%clk 00:17:17] [%emt
00:06:19]} 26. Qg4 {[%clk 00:25:35] [%emt 00:03:27]} Kh8 {[%clk 00:11:56] [%emt
00:05:53]} 27. Rxd8+ {[%clk 00:24:58] [%emt 00:01:06]} Nxd8 {[%clk 00:11:45]
[%emt 00:00:41]} 28. Rd1 {[%clk 00:24:39] [%emt 00:00:49]} Ne6 {[%clk 00:06:51]
[%emt 00:05:25]} 29. Bxe6 {[%clk 00:23:13] [%emt 00:01:55]} fxe6 {[%clk
00:07:16] [%emt 00:00:06]} 30. Qg5 {[%clk 00:19:56] [%emt 00:03:46]} Qc7 {[%clk
00:06:42] [%emt 00:01:04]} 31. f4 {[%clk 00:19:47] [%emt 00:00:39]} Bd6 {[%clk
00:06:19] [%emt 00:00:53]} 32. f5 {[%clk 00:13:11] [%emt 00:07:07]} exf5 {[%clk
00:06:18] [%emt 00:00:31]} 33. Qxf5 {[%clk 00:12:29] [%emt 00:01:11]} Rf8 {[%clk
00:06:24] [%emt 00:00:24]} 34. Qg4 {[%clk 00:10:55] [%emt 00:02:04]} Rf6 {[%clk
00:06:00] [%emt 00:00:54]} 35. Bg5 {[%clk 00:09:23] [%emt 00:02:02]} Rf8 {[%clk
00:05:16] [%emt 00:01:14]} 36. Be3 {[%clk 00:08:40] [%emt 00:01:13]} Rf6 {[%clk
00:05:32] [%emt 00:00:16]} 37. Kh1 {[%clk 00:08:11] [%emt 00:00:57]} h6 {[%clk
00:05:37] [%emt 00:00:25]} 38. b4 {[%clk 00:07:15] [%emt 00:01:25]} Qb8 {[%clk
00:03:22] [%emt 00:02:45]} 39. a5 {[%clk 00:05:04] [%emt 00:02:41]} Qb5 {[%clk
00:02:22] [%emt 00:01:31]} 40. Rg1 {[%clk 00:05:08] [%emt 00:00:25]} Bf8 {[%clk
00:01:20] [%emt 00:01:33]} 41. Bc5 {[%clk 00:04:20] [%emt 00:01:17]} Rf4 {[%clk
00:41:22] [%emt 00:10:29]} 42. Qg3 {[%clk 00:37:43] [%emt 00:17:06]} g5 {[%clk
00:40:14] [%emt 00:01:38]} 43. Be3 {[%clk 00:35:39] [%emt 00:02:33]} Rf7 {[%clk
00:34:39] [%emt 00:06:06]} 44. h4 {[%clk 00:35:52] [%emt 00:00:17]} Qc4 {[%clk
00:24:48] [%emt 00:10:22]} 45. Qg4 {[%clk 00:33:17] [%emt 00:03:04]} Bxb4 {[%clk
00:21:02] [%emt 00:04:17]} 46. a6 {[%clk 00:32:24] [%emt 00:01:22]} Bc5 {[%clk
00:18:29] [%emt 00:03:03]} 47. Qc8+ {[%clk 00:20:23] [%emt 00:12:30]} Bf8 {[%clk
00:16:00] [%emt 00:03:00]} 48. a7 {[%clk 00:20:29] [%emt 00:00:24]} Qxe4+ {[%clk
00:09:06] [%emt 00:07:24]} 49. Rg2 {[%clk 00:20:56] [%emt 00:00:03]} Qxh4+
{[%clk 00:03:02] [%emt 00:06:35]} 50. Kg1 {[%clk 00:21:21] [%emt 00:00:04]} Qa4
{[%clk 00:01:04] [%emt 00:02:28]} 51. a8=Q {[%clk 00:21:36] [%emt 00:00:15]}
Qd1+ {[%clk 00:01:11] [%emt 00:00:23]} 52. Kh2 {[%clk 00:22:00] [%emt 00:00:06]}
1-0

[Site "Europe Echecs"]

[Event "Grand Swiss "]
[Date "2025.09.15"]
[White "Gurel, Ediz"]
[Black "Moussard, Jules"]
[WhiteElo "2631"]
[BlackElo "2591"]
[Round "11.11.34"]
[Result "1/2-1/2"]

1. e4 {[%clk 01:40:56] [%emt 00:00:03]} e5 {[%clk 01:40:55] [%emt 00:00:06]} 2.
Nf3 {[%clk 01:41:19] [%emt 00:00:07]} Nf6 {[%clk 01:41:21] [%emt 00:00:04]} 3.
Nxe5 {[%clk 01:41:38] [%emt 00:00:12]} d6 {[%clk 01:41:47] [%emt 00:00:03]} 4.
Nf3 {[%clk 01:42:00] [%emt 00:00:08]} Nxe4 {[%clk 01:42:11] [%emt 00:00:05]} 5.
d4 {[%clk 01:42:22] [%emt 00:00:09]} d5 {[%clk 01:42:36] [%emt 00:00:05]} 6. Bd3
{[%clk 01:42:41] [%emt 00:00:10]} Bd6 {[%clk 01:42:59] [%emt 00:00:07]} 7. O-O
{[%clk 01:42:59] [%emt 00:00:13]} O-O {[%clk 01:43:21] [%emt 00:00:09]} 8. c4
{[%clk 01:43:24] [%emt 00:00:04]} c6 {[%clk 01:43:47] [%emt 00:00:04]} 9. Qc2
{[%clk 01:43:44] [%emt 00:00:10]} h6 {[%clk 01:43:38] [%emt 00:00:39]} 10. Re1
{[%clk 01:43:58] [%emt 00:00:16]} Be6 {[%clk 01:38:43] [%emt 00:05:25]} 11. cxd5
{[%clk 01:44:13] [%emt 00:00:15]} cxd5 {[%clk 01:38:09] [%emt 00:01:05]} 12.
Bxe4 {[%clk 01:44:37] [%emt 00:00:05]} dxe4 {[%clk 01:38:34] [%emt 00:00:04]}
13. Qxe4 {[%clk 01:45:02] [%emt 00:00:06]} Bd5 {[%clk 01:33:27] [%emt 00:05:36]}
14. Qg4 {[%clk 01:45:25] [%emt 00:00:08]} Qd7 {[%clk 01:33:02] [%emt 00:00:55]}
15. Qxd7 {[%clk 01:45:44] [%emt 00:00:11]} Nxd7 {[%clk 01:33:29] [%emt
00:00:04]} 16. Nc3 {[%clk 01:46:08] [%emt 00:00:05]} Bxf3 {[%clk 01:33:54] [%emt
00:00:05]} 17. gxf3 {[%clk 01:46:34] [%emt 00:00:04]} Rac8 {[%clk 01:31:30]
[%emt 00:02:53]} 18. Be3 {[%clk 01:46:52] [%emt 00:00:13]} f5 {[%clk 01:28:08]
[%emt 00:03:52]} 19. Rac1 {[%clk 01:43:22] [%emt 00:04:00]} Kf7 {[%clk 01:14:21]
[%emt 00:14:17]} 20. Rc2 {[%clk 01:27:14] [%emt 00:16:37]} a6 {[%clk 01:07:29]
[%emt 00:07:23]} 21. Rec1 {[%clk 01:27:10] [%emt 00:00:34]} Rcd8 {[%clk
01:06:34] [%emt 00:01:25]} 22. Na4 {[%clk 01:24:13] [%emt 00:03:28]} Rfe8 {[%clk
01:04:43] [%emt 00:02:19]} 23. Bd2 {[%clk 01:13:08] [%emt 00:11:36]} b5 {[%clk
00:54:20] [%emt 00:10:52]} 24. Nc5 {[%clk 00:44:14] [%emt 00:29:25]} Bxc5 {[%clk
00:52:07] [%emt 00:02:43]} 25. dxc5 {[%clk 00:44:39] [%emt 00:00:05]} Nxc5
{[%clk 00:45:23] [%emt 00:07:14]} 26. Bxh6 {[%clk 00:39:06] [%emt 00:06:02]} Ne6
{[%clk 00:44:36] [%emt 00:01:18]} 27. Be3 {[%clk 00:39:25] [%emt 00:00:11]} f4
{[%clk 00:44:43] [%emt 00:00:23]} 28. Bb6 {[%clk 00:39:26] [%emt 00:00:28]} Rd6
{[%clk 00:31:31] [%emt 00:13:42]} 29. Rc6 {[%clk 00:39:25] [%emt 00:00:32]} Rd2
{[%clk 00:31:56] [%emt 00:00:05]} 30. R6c2 {[%clk 00:38:56] [%emt 00:00:59]} Rd6
{[%clk 00:32:21] [%emt 00:00:05]} 31. Rc6 {[%clk 00:38:19] [%emt 00:01:06]} Rd2
{[%clk 00:31:24] [%emt 00:01:28]} 32. R1c2 {[%clk 00:35:16] [%emt 00:03:33]}
Rd1+ {[%clk 00:31:18] [%emt 00:00:36]} 33. Kg2 {[%clk 00:35:45] [%emt 00:00:01]}
Rh8 {[%clk 00:31:25] [%emt 00:00:22]} 34. Rc1 {[%clk 00:35:19] [%emt 00:00:56]}
Rd2 {[%clk 00:23:00] [%emt 00:08:56]} 35. R1c2 {[%clk 00:33:08] [%emt 00:02:41]}
Rd1 {[%clk 00:23:25] [%emt 00:00:05]} 36. Rc1 {[%clk 00:33:28] [%emt 00:00:11]}
Rd2 {[%emt 00:01:56]} 1/2-1/2

[Site "Europe Echecs"]

[Event "Grand Swiss "]
[Date "2025.09.15"]
[White "Suleymanli, Aydin"]
[Black "Shankland, Sam"]
[WhiteElo "2602"]
[BlackElo "2670"]
[Round "11.11.35"]
[Result "0-1"]

1. d4 {[%clk 01:40:54] [%emt 00:00:05]} Nf6 {[%clk 01:40:49] [%emt 00:00:11]} 2.
Nf3 {[%clk 01:41:17] [%emt 00:00:07]} g6 {[%clk 01:41:14] [%emt 00:00:06]} 3. c4
{[%clk 01:41:36] [%emt 00:00:10]} Bg7 {[%clk 01:41:38] [%emt 00:00:05]} 4. Nc3
{[%clk 01:42:03] [%emt 00:00:04]} d6 {[%clk 01:41:47] [%emt 00:00:21]} 5. e4
{[%clk 01:42:26] [%emt 00:00:07]} O-O {[%clk 01:42:12] [%emt 00:00:06]} 6. Bd3
{[%clk 01:42:54] [%emt 00:00:03]} e5 {[%clk 01:41:01] [%emt 00:01:40]} 7. d5
{[%clk 01:43:16] [%emt 00:00:08]} Nfd7 {[%clk 01:41:02] [%emt 00:00:29]} 8. O-O
{[%clk 01:43:22] [%emt 00:00:24]} a5 {[%clk 01:40:31] [%emt 00:01:01]} 9. Bc2
{[%clk 01:39:16] [%emt 00:04:36]} Na6 {[%clk 01:39:18] [%emt 00:01:43]} 10. a3
{[%clk 01:33:08] [%emt 00:06:38]} Nb6 {[%clk 01:36:46] [%emt 00:03:02]} 11. Nd2
{[%clk 01:30:07] [%emt 00:03:30]} Nc5 {[%clk 01:35:26] [%emt 00:01:51]} 12. b3
{[%clk 01:29:38] [%emt 00:00:59]} c6 {[%clk 01:34:12] [%emt 00:01:44]} 13. Rb1
{[%clk 01:24:41] [%emt 00:05:27]} cxd5 {[%clk 01:33:50] [%emt 00:00:52]} 14.
cxd5 {[%clk 01:20:58] [%emt 00:04:14]} Bd7 {[%clk 01:32:50] [%emt 00:01:29]} 15.
a4 {[%clk 01:18:18] [%emt 00:03:11]} Bh6 {[%clk 01:28:04] [%emt 00:05:15]} 16.
Ba3 {[%clk 01:14:29] [%emt 00:04:19]} Qc7 {[%clk 01:26:41] [%emt 00:01:52]} 17.
Nc4 {[%clk 01:14:06] [%emt 00:00:54]} Rfc8 {[%clk 01:24:09] [%emt 00:03:02]} 18.
Kh1 {[%clk 01:06:43] [%emt 00:07:53]} Ra6 {[%clk 01:19:36] [%emt 00:05:03]} 19.
Bb2 {[%clk 00:50:56] [%emt 00:16:17]} Ncxa4 {[%clk 01:03:40] [%emt 00:16:27]}
20. Nxa4 {[%clk 00:51:07] [%emt 00:00:18]} Nxa4 {[%clk 01:03:46] [%emt
00:00:24]} 21. bxa4 {[%clk 00:50:14] [%emt 00:01:24]} Qxc4 {[%clk 01:04:08]
[%emt 00:00:08]} 22. Bd3 {[%clk 00:50:38] [%emt 00:00:06]} Qa2 {[%clk 01:04:07]
[%emt 00:00:30]} 23. Bc1 {[%clk 00:44:58] [%emt 00:06:10]} Qxb1 {[%clk 00:59:25]
[%emt 00:05:12]} 24. Bxb1 {[%clk 00:45:20] [%emt 00:00:08]} Rxc1 {[%clk
00:59:53] [%emt 00:00:02]} 25. Qe2 {[%clk 00:43:01] [%emt 00:02:49]} Rxf1+
{[%clk 00:59:59] [%emt 00:00:24]} 26. Qxf1 {[%clk 00:43:29] [%emt 00:00:02]}
Bxa4 {[%clk 00:58:09] [%emt 00:02:20]} 27. g3 {[%clk 00:36:52] [%emt 00:07:07]}
Rb6 {[%clk 00:57:01] [%emt 00:01:38]} 28. f4 {[%clk 00:30:32] [%emt 00:06:50]}
Bd7 {[%clk 00:52:40] [%emt 00:04:51]} 29. fxe5 {[%clk 00:18:38] [%emt 00:12:25]}
dxe5 {[%clk 00:52:49] [%emt 00:00:20]} 30. d6 {[%clk 00:18:34] [%emt 00:00:34]}
Rxd6 {[%clk 00:51:55] [%emt 00:01:24]} 31. Ba2 {[%clk 00:18:01] [%emt 00:01:03]}
Be6 {[%clk 00:52:15] [%emt 00:00:10]} 32. Bxe6 {[%clk 00:18:24] [%emt 00:00:07]}
Rxe6 {[%clk 00:52:40] [%emt 00:00:05]} 33. Qb5 {[%clk 00:13:28] [%emt 00:05:26]}
b6 {[%clk 00:53:05] [%emt 00:00:04]} 34. g4 {[%clk 00:10:40] [%emt 00:03:18]}
Be3 {[%clk 00:52:22] [%emt 00:01:13]} 35. Kg2 {[%clk 00:10:32] [%emt 00:00:38]}
h6 {[%clk 00:51:58] [%emt 00:00:55]} 36. h4 {[%clk 00:10:20] [%emt 00:00:42]}
Bd4 {[%clk 00:51:37] [%emt 00:00:51]} 37. h5 {[%clk 00:08:03] [%emt 00:02:47]}
g5 {[%clk 00:51:42] [%emt 00:00:25]} 38. Kf3 {[%clk 00:03:43] [%emt 00:04:50]}
Rf6+ {[%clk 00:52:06] [%emt 00:00:06]} 39. Ke2 {[%clk 00:04:10] [%emt 00:00:03]}
Rf2+ {[%clk 00:52:01] [%emt 00:00:35]} 40. Kd3 {[%clk 00:04:28] [%emt 00:00:11]}
Rf3+ {[%clk 00:52:08] [%emt 00:00:23]} 41. Kd2 {[%clk 00:04:10] [%emt 00:00:48]}
Ra3 {[%clk 00:51:47] [%emt 00:00:51]} 0-1

[Site "Europe Echecs"]

[Event "Grand Swiss "]
[Date "2025.09.15"]
[White "Demchenko, Anton"]
[Black "Aronian, Levon"]
[WhiteElo "2620"]
[BlackElo "2744"]
[Round "11.11.36"]
[Result "1/2-1/2"]

1. e4 {[%clk 01:40:57] [%emt 00:00:01]} e6 {[%clk 01:40:56] [%emt 00:00:04]} 2.
d4 {[%clk 01:41:22] [%emt 00:00:05]} d5 {[%clk 01:41:22] [%emt 00:00:04]} 3. e5
{[%clk 01:41:23] [%emt 00:00:29]} c5 {[%clk 01:41:47] [%emt 00:00:06]} 4. c3
{[%clk 01:41:51] [%emt 00:00:02]} Nc6 {[%clk 01:42:11] [%emt 00:00:06]} 5. Nf3
{[%clk 01:42:18] [%emt 00:00:03]} Qb6 {[%clk 01:42:35] [%emt 00:00:06]} 6. a3
{[%clk 01:42:29] [%emt 00:00:19]} Nh6 {[%clk 01:42:57] [%emt 00:00:07]} 7. Bd3
{[%clk 01:41:05] [%emt 00:01:54]} cxd4 {[%clk 01:43:20] [%emt 00:00:08]} 8. cxd4
{[%clk 01:41:13] [%emt 00:00:22]} Bd7 {[%clk 01:43:27] [%emt 00:00:23]} 9. Bc2
{[%clk 01:41:38] [%emt 00:00:05]} Nf5 {[%clk 01:43:44] [%emt 00:00:12]} 10. Bxf5
{[%clk 01:42:03] [%emt 00:00:05]} exf5 {[%clk 01:44:10] [%emt 00:00:05]} 11. Nc3
{[%clk 01:42:31] [%emt 00:00:02]} Be6 {[%clk 01:44:32] [%emt 00:00:07]} 12. b4
{[%clk 01:40:54] [%emt 00:02:08]} h6 {[%clk 01:43:38] [%emt 00:01:24]} 13. h4
{[%clk 01:40:39] [%emt 00:00:45]} Be7 {[%clk 01:43:39] [%emt 00:00:28]} 14. Qd3
{[%clk 01:40:23] [%emt 00:00:46]} a6 {[%clk 01:43:15] [%emt 00:00:54]} 15. Bd2
{[%clk 01:29:16] [%emt 00:11:37]} O-O {[%clk 01:43:29] [%emt 00:00:16]} 16. O-O
{[%clk 01:28:41] [%emt 00:01:05]} Rac8 {[%clk 01:41:41] [%emt 00:02:18]} 17.
Rfb1 {[%clk 01:17:41] [%emt 00:11:29]} Qd8 {[%clk 01:39:57] [%emt 00:02:14]} 18.
b5 {[%clk 01:14:21] [%emt 00:03:50]} axb5 {[%clk 01:32:27] [%emt 00:08:00]} 19.
Nxb5 {[%clk 01:12:15] [%emt 00:02:36]} Ra8 {[%clk 01:28:37] [%emt 00:04:19]} 20.
Nd6 {[%clk 01:01:36] [%emt 00:11:10]} Bxd6 {[%clk 01:26:54] [%emt 00:02:14]} 21.
exd6 {[%clk 01:02:05] [%emt 00:00:01]} Qd7 {[%clk 01:17:09] [%emt 00:10:15]} 22.
Rb6 {[%clk 00:37:47] [%emt 00:24:48]} f6 {[%clk 01:11:08] [%emt 00:06:30]} 23.
Qb5 {[%clk 00:37:03] [%emt 00:01:14]} Rf7 {[%clk 01:07:44] [%emt 00:03:54]} 24.
h5 {[%clk 00:34:30] [%emt 00:03:04]} Ra7 {[%clk 00:47:14] [%emt 00:21:00]} 25.
Bb4 {[%clk 00:29:27] [%emt 00:05:32]} f4 {[%clk 00:41:28] [%emt 00:06:16]} 26.
Re1 {[%clk 00:26:13] [%emt 00:03:45]} Ra8 {[%clk 00:36:21] [%emt 00:05:37]} 27.
Nh4 {[%clk 00:22:16] [%emt 00:04:26]} Re8 {[%clk 00:23:56] [%emt 00:12:55]} 28.
f3 {[%clk 00:19:16] [%emt 00:03:31]} Nxd4 {[%clk 00:16:58] [%emt 00:07:27]} 29.
Qd3 {[%clk 00:18:21] [%emt 00:01:24]} Nc6 {[%clk 00:17:23] [%emt 00:00:06]} 30.
Ng6 {[%clk 00:18:03] [%emt 00:00:48]} Nxb4 {[%clk 00:17:23] [%emt 00:00:30]} 31.
axb4 {[%clk 00:17:50] [%emt 00:00:44]} Bf5 {[%clk 00:17:44] [%emt 00:00:08]} 32.
Rxe8+ {[%clk 00:16:43] [%emt 00:01:37]} Qxe8 {[%clk 00:18:10] [%emt 00:00:04]}
33. Qxf5 {[%clk 00:16:51] [%emt 00:00:22]} Qe1+ {[%clk 00:18:29] [%emt
00:00:11]} 1/2-1/2

[Site "Europe Echecs"]